| 000 | 00500nam a2200181 i 4500 | ||
|---|---|---|---|
| 001 | 83597 | ||
| 003 | ES-MaACL | ||
| 005 | 20250901034334.0 | ||
| 007 | t| | ||
| 008 | 041117s1967 sp ||||1| spa d | ||
| 100 | 1 |
_aJacobs, Jane. _965847 |
|
| 245 | 1 | 0 |
_aMuerte y vida de las grandes ciudades / _cJane Jacobs ; [traducción de Angel Abad]. |
| 250 | _a[1ª ed.]. | ||
| 300 |
_a468 p. ; _c21 cm. |
||
| 700 | 1 |
_aAbad, Ángel _917894 |
|
| 852 |
_aES-MaACL _jG-5080 _bR.61989 |
||
| 999 |
_c83597 _d83597 |
||